| 000 | 00446nam a2200133 a 4500 | ||
|---|---|---|---|
| 001 | 000036435 | ||
| 005 | 20200930075729.0 | ||
| 008 | 120117s1984 cc a 000 0 spa d | ||
| 040 |
_aDO-SdBNP _bspa _cBNPHU |
||
| 100 | 1 |
_aChan-ling, Wang _962654 |
|
| 245 | 1 | 0 |
_aCamino a la reunificación de China con los tres principios del pueblo / _cWang Chan-ling. |
| 260 |
_a[China], : _bComisión Editorial Kuang Lu, _c1984. |
||
| 300 |
_a111 p. : _bil. ; _c19 cm. |
||
| 999 |
_c35926 _d35926 |
||